Statystyki dla Najpopularniejsze kanały telewizyjne w Polsce

Kliknij tutaj aby rozwiązać quiz!

Ogólne statystyki

  • Ten quiz został rozwiązany 2 005 razy
  • Średni wynik to 10 z 20

Statystyki odpowiedzi

LpUdział w rynku (2019)Odpowiedź% Poprawnych
19,85%Polsat
98%
38,45%TVN
97%
29,68%TVP1
90%
48,34%TVP2
90%
191,02%TVP3
61%
83,50%TV PULS
61%
93,21%TVN7
60%
73,64%TVP INFO
60%
54,47%TVN24
55%
161,25%TVP Sport
52%
63,72%TV4
46%
171,13%Polsat News
44%
102,24%TTV
43%
111,91%PULS 2
39%
131,54%Polsat2
38%
151,28%TVP ABC
30%
121,70%TV6
26%
141,41%TVP Seriale
25%
181,12%Stopklatka
18%
200,94%Super Polsat
18%

Rozkład punktacji

Percentyl według liczby udzielonych odpowiedzi

Procent ludzi z każdym wynikiem

Twoja historia wyników

Nie rozwiązałeś tego quizu